书目信息 |
| 题名: |
全国西文期刊联合目录1962-1978年 科技部分(下)N-Z
|
|
| 作者: | 北京图书馆联合目录编辑组 编 | |
| 分册: | 下 | |
| 出版信息: | 北京 书目文献出版社 1982.12 |
|
| 页数: | 3912 | |
| 开本: | 16 | |
| 丛书名: | ||
| 单 册: | ||
| 中图分类: | Z87 | |
| 科图分类: | ||
| 主题词: | 期刊目录 , 报纸目录 | |
| 电子资源: | ||
| ISBN: | ||
| 000 | 00637nam0 2200205 45 | |
| 001 | 0181014632 | |
| 005 | 20060728170824.29 | |
| 010 | @b精装@dCNY10.00 | |
| 100 | @a20810111d km y0chiy0120 ea | |
| 101 | 0 | @achi |
| 105 | @a z 000yy | |
| 200 | 1 | @Aquan guo xi wen qi kan lian he mu lu@Fbei jing tu shu guan@a全国西文期刊联合目录1962-1978年 科技部分(下)N-Z@h下@f北京图书馆联合目录编辑组编 |
| 210 | @a北京@c书目文献出版社@d1982.12 | |
| 215 | @a3912@c无图表@d16 | |
| 606 | 0 | @a期刊目录 |
| 606 | 0 | @a报纸目录 |
| 690 | @aZ87@v3 | |
| 701 | 0 | @a北京图书馆联合目录编辑组@4编 |
| 801 | @aCN@bTSTC@c20060728 | |
| 905 | @dZ87@e13:3@f1@b94243 | |
| 全国西文期刊联合目录1962-1978年 科技部分(下)N-Z.下/北京图书馆联合目录编辑组编.-北京:书目文献出版社,1982.12 |
| 3912:无图表;16 |
| ISBN (精装):CNY10.00 |
| ● |
| 相关链接 |
|
|
|
|
正题名:全国西文期刊联合目录1962-1978年 科技部分(下)N-Z
索取号:Z87/13:3
 
预约/预借
| 序号 | 登录号 | 条形码 | 馆藏地/架位号 | 状态 | 备注 |
| 1 | 0094243 | 001552750 | 第二样本阅览室/ [索取号:Z87/13:3] | 在馆 |